| 000 | 00783nmc a2200265 a 4500 | ||
|---|---|---|---|
| 003 | AR-BaBNM | ||
| 005 | 20251128204229.0 | ||
| 008 | 295019s1992 ||||||||||||||000 | spa|| | ||
| 020 | _a84-331-0559-0 | ||
| 040 | _cAR-BaBNM | ||
| 100 | 1 | _aVallés Arándiga, Antonio | |
| 245 | 1 | 0 |
_aEjercicios para la corrección de disgrafías _beducación primaria 2do. ciclo |
| 260 |
_aMadrid _bEscuela Española _c1992 |
||
| 300 | 0 |
_a102 p. _bil. |
|
| 490 | 0 |
_aEducación especial _vv. 21 |
|
| 650 | 4 | _aDISLEXIA | |
| 650 | 4 | _aENSENANZA DE LA ESCRITURA | |
| 650 | 4 | _aMEJORA DE LA ESCRITURA | |
| 650 | 4 | _aDIFICULTADES EN EL APRENDIZAJE | |
| 650 | 4 | _aPROCESO DE APRENDIZAJE | |
| 650 | 4 | _aACTIVIDADES DE APRENDIZAJE | |
| 650 | 4 | _aMETODOS DE APRENDIZAJE | |
| 942 | _cBK | ||
| 998 | _cCarmen | ||
| 999 |
_c6637 _d6637 |
||